| 000 | 01007nam a22002537a 4500 | ||
|---|---|---|---|
| 008 | 090129t xxu||||| |||| 00| 0 eng d | ||
| 010 | _aENG-92677 | ||
| 020 |
_a9780195696509 _c995.00 |
||
| 020 |
_a0195696506 _c995.00 |
||
| 035 | _aEN-76210 | ||
| 037 | _bDBAD / PUB | ||
| 040 |
_adpl _bEnglish |
||
| 082 | _a338.954 | ||
| 245 |
_aEleventh five year plan (2007-2012): _binclusive growth |
||
| 260 |
_aNew Delhi _bOxford University Press _c2008 |
||
| 270 |
_aYMCA Library Building, Jai Singh Road, _bNew Delhi _e110001 |
||
| 300 |
_av,1 (xxiv, 280p.) _c29cm (pbk) |
||
| 650 |
_aFinance, Public _zIndia _vStatistics. |
||
| 651 |
_aIndia _xEconomic policy _y1991- |
||
| 651 |
_aIndia _xEconomic policy _y1991- _vStatistics. |
||
| 651 |
_aIndia _xSocial policy |
||
| 942 |
_2ddc _cEN _mELE _h338.954 |
||
| 999 |
_c22590 _d22590 |
||